<?xml version="1.0" encoding="UTF-8"?><?xml-stylesheet type="text/xsl" href="static/style.xsl"?><OAI-PMH xmlns="http://www.openarchives.org/OAI/2.0/" xmlns:xsi="http://www.w3.org/2001/XMLSchema-instance" xsi:schemaLocation="http://www.openarchives.org/OAI/2.0/ http://www.openarchives.org/OAI/2.0/OAI-PMH.xsd"><responseDate>2026-04-17T19:04:07Z</responseDate><request verb="GetRecord" identifier="oai:riubu.ubu.es:10259/10277" metadataPrefix="marc">https://riubu.ubu.es/oai/request</request><GetRecord><record><header><identifier>oai:riubu.ubu.es:10259/10277</identifier><datestamp>2025-03-05T01:05:26Z</datestamp><setSpec>com_10259_6171</setSpec><setSpec>com_10259_5086</setSpec><setSpec>com_10259_2604</setSpec><setSpec>col_10259_7105</setSpec></header><metadata><record xmlns="http://www.loc.gov/MARC21/slim" xmlns:doc="http://www.lyncode.com/xoai" xmlns:xsi="http://www.w3.org/2001/XMLSchema-instance" xmlns:dcterms="http://purl.org/dc/terms/" xsi:schemaLocation="http://www.loc.gov/MARC21/slim http://www.loc.gov/standards/marcxml/schema/MARC21slim.xsd">
<leader>00925njm 22002777a 4500</leader>
<datafield tag="042" ind1=" " ind2=" ">
<subfield code="a">dc</subfield>
</datafield>
<datafield tag="720" ind1=" " ind2=" ">
<subfield code="a">Revilla Cuesta, Víctor</subfield>
<subfield code="e">author</subfield>
</datafield>
<datafield tag="720" ind1=" " ind2=" ">
<subfield code="a">Hurtado Alonso, Nerea</subfield>
<subfield code="e">author</subfield>
</datafield>
<datafield tag="720" ind1=" " ind2=" ">
<subfield code="a">Manso Morato, Javier</subfield>
<subfield code="e">author</subfield>
</datafield>
<datafield tag="720" ind1=" " ind2=" ">
<subfield code="a">Pasquini, Emiliano</subfield>
<subfield code="e">author</subfield>
</datafield>
<datafield tag="720" ind1=" " ind2=" ">
<subfield code="a">Skaf Revenga, Marta</subfield>
<subfield code="e">author</subfield>
</datafield>
<datafield tag="720" ind1=" " ind2=" ">
<subfield code="a">Manso Villalaín, Juan Manuel</subfield>
<subfield code="e">author</subfield>
</datafield>
<datafield tag="260" ind1=" " ind2=" ">
<subfield code="c">2024</subfield>
</datafield>
<datafield tag="520" ind1=" " ind2=" ">
<subfield code="a">A research experience on the construction of a pilot road section with a porous asphalt mixture&#xd;
incorporating Ladle Furnace Slag (LFS) as fine aggregate in its composition is reported. The&#xd;
pilot section consisted of overlaying this mixture on existing bituminous pavement and was&#xd;
intended to simulate a real application of this sustainable construction material. Along with&#xd;
the paving, quality control was conducted to ensure that this mixture complied with the&#xd;
requirements of the current regulations for its use. This quality control included a durabilityperformance study. Thus, water-sensitivity, accelerated-aging and frost-exposure tests from&#xd;
an abrasion-resistance approach were conducted on Marshall specimens compacted with 50&#xd;
blows per face. The values obtained were compared with the abrasion resistance of unaged&#xd;
specimens. The results of the tests were generally in accordance with the applicable&#xd;
regulations, the full-scale porous asphalt mix with LFS exhibiting an adequate durability&#xd;
performance in terms of abrasion resistance.</subfield>
</datafield>
<datafield tag="024" ind2=" " ind1="8">
<subfield code="a">979-8332076169</subfield>
</datafield>
<datafield tag="024" ind2=" " ind1="8">
<subfield code="a">2515-3048</subfield>
</datafield>
<datafield tag="024" ind2=" " ind1="8">
<subfield code="a">2515-3056</subfield>
</datafield>
<datafield tag="024" ind2=" " ind1="8">
<subfield code="a">http://hdl.handle.net/10259/10277</subfield>
</datafield>
<datafield tag="024" ind2=" " ind1="8">
<subfield code="a">10.18552/2024/SCMT/103</subfield>
</datafield>
<datafield ind1=" " ind2=" " tag="653">
<subfield code="a">Ladle furnace slag</subfield>
</datafield>
<datafield ind1=" " ind2=" " tag="653">
<subfield code="a">Porous asphalt mixture</subfield>
</datafield>
<datafield ind1=" " ind2=" " tag="653">
<subfield code="a">Pilot road section</subfield>
</datafield>
<datafield ind1=" " ind2=" " tag="653">
<subfield code="a">Durability</subfield>
</datafield>
<datafield ind1=" " ind2=" " tag="653">
<subfield code="a">Abrasion loss</subfield>
</datafield>
<datafield tag="245" ind1="0" ind2="0">
<subfield code="a">Durability in abrasion terms of a full-scale porous bituminous mixture manufactured with ladle furnace slag</subfield>
</datafield>
</record></metadata></record></GetRecord></OAI-PMH>